<?xml version="1.0" encoding="UTF-8"?>
<collection xmlns="http://www.loc.gov/MARC21/slim">
 <record>
  <leader>01384nam a2200337 a 4500</leader>
  <controlfield tag="001">009042756  </controlfield>
  <controlfield tag="008">090702s2004    stk      b    001 0 eng d</controlfield>
  <datafield tag="020" ind1=" " ind2=" ">
   <subfield code="a">0007165552 (pbk.) :</subfield>
   <subfield code="c">Đ8.99</subfield>
  </datafield>
  <datafield tag="040" ind1=" " ind2=" ">
   <subfield code="a">StEdNL</subfield>
   <subfield code="d">Uk</subfield>
  </datafield>
  <datafield tag="082" ind1="0" ind2="0">
   <subfield code="a">803</subfield>
   <subfield code="2">22</subfield>
  </datafield>
  <datafield tag="999" ind1=" " ind2=" ">
   <subfield code="c">1985</subfield>
   <subfield code="d">1985</subfield>
  </datafield>
  <datafield tag="999" ind1=" " ind2=" ">
   <subfield code="c">1985</subfield>
  </datafield>
  <datafield tag="100" ind1="1" ind2=" ">
   <subfield code="a">Quinn, Edward,</subfield>
   <subfield code="d">1932-</subfield>
   <subfield code="9">1052</subfield>
  </datafield>
  <datafield tag="240" ind1="1" ind2="0">
   <subfield code="a">Dictionary of literary and thematic terms</subfield>
  </datafield>
  <datafield tag="245" ind1="1" ind2="2">
   <subfield code="a">Collins dictionary literary terms /</subfield>
   <subfield code="c">Edward Quinn.</subfield>
  </datafield>
  <datafield tag="246" ind1="3" ind2=" ">
   <subfield code="a">Collins dictionary of literary terms</subfield>
  </datafield>
  <datafield tag="246" ind1="3" ind2=" ">
   <subfield code="a">Dictionary of literary terms</subfield>
  </datafield>
  <datafield tag="260" ind1=" " ind2=" ">
   <subfield code="a">Glasgow :</subfield>
   <subfield code="b">HarperCollins,</subfield>
   <subfield code="c">2004.</subfield>
  </datafield>
  <datafield tag="300" ind1=" " ind2=" ">
   <subfield code="a"> 376 p. ; </subfield>
   <subfield code="c">20 cm.</subfield>
  </datafield>
  <datafield tag="500" ind1=" " ind2=" ">
   <subfield code="a">Originally published as: A dictionary of literary and thematic terms. New York : Facts on File, 1999.</subfield>
  </datafield>
  <datafield tag="504" ind1=" " ind2=" ">
   <subfield code="a">Includes bibliographical references and index.</subfield>
  </datafield>
  <datafield tag="541" ind1="1" ind2=" ">
   <subfield code="e">00014195</subfield>
  </datafield>
  <datafield tag="650" ind1=" " ind2="0">
   <subfield code="a">Criticism</subfield>
   <subfield code="x">Terminology.</subfield>
   <subfield code="9">1053</subfield>
  </datafield>
  <datafield tag="650" ind1=" " ind2="0">
   <subfield code="a">Literature</subfield>
   <subfield code="x">Terminology.</subfield>
   <subfield code="9">1054</subfield>
  </datafield>
  <datafield tag="650" ind1=" " ind2="0">
   <subfield code="a">English language</subfield>
   <subfield code="x">Terms and phrases.</subfield>
   <subfield code="9">1055</subfield>
  </datafield>
  <datafield tag="650" ind1=" " ind2="0">
   <subfield code="a">Literature, Comparative</subfield>
   <subfield code="x">Themes, motives</subfield>
   <subfield code="v">Terminology.</subfield>
   <subfield code="9">1056</subfield>
  </datafield>
  <datafield tag="650" ind1=" " ind2="0">
   <subfield code="a">English language</subfield>
   <subfield code="v">Terms and phrases.</subfield>
   <subfield code="9">1057</subfield>
  </datafield>
  <datafield tag="650" ind1=" " ind2="0">
   <subfield code="a">Literary form</subfield>
   <subfield code="v">Terminology.</subfield>
   <subfield code="9">1058</subfield>
  </datafield>
  <datafield tag="852" ind1="4" ind2=" ">
   <subfield code="a">Ayesha Abed Library</subfield>
   <subfield code="j">General shelf</subfield>
  </datafield>
  <datafield tag="942" ind1=" " ind2=" ">
   <subfield code="2">ddc</subfield>
   <subfield code="c">BK</subfield>
  </datafield>
  <datafield tag="952" ind1=" " ind2=" ">
   <subfield code="0">0</subfield>
   <subfield code="1">0</subfield>
   <subfield code="2">ddc</subfield>
   <subfield code="4">0</subfield>
   <subfield code="6">803_QUI_200400000000000</subfield>
   <subfield code="7">0</subfield>
   <subfield code="9">14349</subfield>
   <subfield code="a">BRACUL</subfield>
   <subfield code="b">BRACUL</subfield>
   <subfield code="c">GEN</subfield>
   <subfield code="d">2011-02-12</subfield>
   <subfield code="l">6</subfield>
   <subfield code="m">24</subfield>
   <subfield code="o">803 QUI</subfield>
   <subfield code="p">3010014195</subfield>
   <subfield code="r">2019-01-27</subfield>
   <subfield code="s">2019-01-23</subfield>
   <subfield code="t">1</subfield>
   <subfield code="w">2011-02-12</subfield>
   <subfield code="y">BK</subfield>
  </datafield>
 </record>
</collection>
